000 00731nam0a22002411 4500
001 rc\687815
005 20250621212354.0
035 _a(NLR Aleph) 005924687
090 _a6514364
_c6514364
100 _a20031121d1985 |||y0rusy50 ca
101 0 _arus
102 _aRU
105 _ay |||||||||
200 1 _aПрактикум по грамматике немецкого языка
_e(Для неяз. вузов)
205 _a3-е изд., испр.
210 _aМ.
_cВысш. школа
_d1985
215 _a239 с.
_d20
700 1 _aДевекин
_bВ.Н.
_f1918-
_gВалентин Николаевич
801 0 _aRU
_bNLR
_gpsbo
801 1 _aRU
_bELAR
_2rusmarc
852 _aNLR
_j85-3/3872
942 _cBOOK
980 _aNB